[Event "Calgary int."]
[Site "Calgary CAN"]
[Date "2025.08.04"]
[Round "9.1"]
[White "Taylor, Tristan"]
[Black "Mikhalevski, Victor"]
[Result "1/2-1/2"]
[WhiteElo "1973"]
[BlackElo "2499"]
[WhiteFideId "-1"]
[WhiteFideId "-1"]
[PlyCount "97"]
[GameId "2207180908208128"]
[EventDate "2025.07.31"]
[EventType "swiss"]
[EventRounds "9"]
[EventCountry "CAN"]
[TimeControl "90+30"]

1. e4 {[%eval 18,0] [%emt 0:00:00]} c5 {[%eval 25,0] [%emt 0:00:00]} 2. Nf3 {[%eval 2,0] [%emt 0:00:00]} d6 {[%eval 31,0] [%emt 0:00:00]} 3. d4 {[%eval 22,0] [%emt 0:00:00]} cxd4 {[%eval 19,0] [%emt 0:00:00]} 4. Nxd4 {[%eval 18,0] [%emt 0:00:00]} Nf6 {[%eval 31,0] [%emt 0:00:00]} 5. Nc3 {[%eval 32,0] [%emt 0:00:00]} a6 {[%eval 28,0] [%emt 0:00:00]} 6. h3 {[%eval 16,0] [%emt 0:00:00]} e5 {[%eval 21,0] [%emt 0:00:00]} 7. Nf3 {[%eval 7,0] [%emt 0:00:00]} h6 {[%eval 14,0] [%emt 0:00:00]} 8. Bc4 {[%eval 8,0] [%emt 0:00:00]} Be6 {[%eval 13,0] [%emt 0:00:00]} 9. Bb3 {[%eval 9,0] [%emt 0:00:00]} Nc6 {[%eval 15,0] [%emt 0:00:00]} 10. Be3 {[%eval 11,0] [%emt 0:00:00]} Rc8 {[%eval 14,0] [%emt 0:00:00]} 11. O-O {[%eval 18,0] [%emt 0:00:00]} Na5 {[%eval 1,0] [%emt 0:00:00]} 12. Nh4 {[%eval 44,0] [%emt 0:00:00]} Nxb3 {[%eval 54,0] [%emt 0:00:00]} 13. axb3 {[%eval 44,0] [%emt 0:00:00]} Nxe4 {[%eval 45,0] [%emt 0:00:00]} 14. Nxe4 {[%eval 38,0] [%emt 0:00:00]} d5 {[%eval 36,0] [%emt 0:00:00]} 15. Nf3 {[%eval 35,0] [%emt 0:00:00]} dxe4 {[%eval 21,0] [%emt 0:00:00]} 16. Nxe5 {[%eval 42,0] [%emt 0:00:00]} Qxd1 {[%eval 34,0] [%emt 0:00:00]} 17. Rfxd1 {[%eval 39,0] [%emt 0:00:00]} Rxc2 {[%eval 23,0] [%emt 0:00:00]} 18. Ra4 {[%eval 39,0] [%emt 0:00:00]} Rxb2 {[%eval 11,0] [%emt 0:00:00]} 19. Rxe4 {[%eval 17,0] [%emt 0:00:00]} Rxb3 {[%eval 3,0] [%emt 0:00:00]} 20. Ng6 {[%eval 43,0] [%emt 0:00:00]} fxg6 {[%eval 7,0] [%emt 0:00:00]} 21. Rxe6+ {[%eval 0,0] [%emt 0:00:00]} Kf7 {[%eval 2,0] [%emt 0:00:00]} 22. Re4 {[%eval 0,0] [%emt 0:00:00]} Kg8 {[%eval 0,0] [%emt 0:00:00]} 23. Rd7 {[%eval 0,0] [%emt 0:00:00]} g5 {[%eval 0,0] [%emt 0:00:00]} 24. Re8 {[%eval 0,0] [%emt 0:00:00]} Kh7 {[%eval 0,0] [%emt 0:00:00]} 25. Bd4 {[%eval 0,0] [%emt 0:00:00]} Rb1+ {[%eval 0,0] [%emt 0:00:56]} 26. Kh2 {[%eval 0,0] [%emt 0:00:00]} Bd6+ {[%eval 0,0] [%emt 0:00:05]} 27. g3 {[%eval 0,0] [%emt 0:00:00]} Rxe8 {[%eval 0,0] [%emt 0:00:08]} 28. Rxg7+ {[%eval 0,0] [%emt 0:00:00]} Kh8 {[%eval 0,0] [%emt 0:00:01]} 29. Rxb7+ {[%eval 0,0] [%emt 0:00:00]} Be5 {[%eval 0,0] [%emt 0:06:03]} 30. Bxe5+ {[%eval 0,0] [%emt 0:00:00]} Rxe5 {[%eval 0,0] [%emt 0:00:03]} 31. Rxb1 {[%eval 0,0] [%emt 0:00:00]} Rf5 {[%eval 0,0] [%emt 0:01:30]} 32. f4 {[%eval 0,0] [%emt 0:00:00]} Rb5 {[%eval 0,0] [%emt 0:00:55]} 33. Ra1 {[%eval 0,0] [%emt 0:00:00]} a5 {[%eval 0,0] [%emt 0:00:14]} 34. fxg5 {[%eval 2,0] [%emt 0:00:00]} Rxg5 {[%eval 0,0] [%emt 0:01:44]} 35. g4 {[%eval 0,0] [%emt 0:00:00]} Rc5 {[%eval 0,0] [%emt 0:00:20]} 36. Kg3 {[%eval 0,0] [%emt 0:00:00]} Kg7 {[%eval 0,0] [%emt 0:00:03]} 37. Rb1 {[%eval 0,0] [%emt 0:00:00]} Rc7 {[%eval 0,0] [%emt 0:01:27]} 38. Ra1 {[%eval 0,0] [%emt 0:00:00]} Rc5 {[%eval 0,0] [%emt 0:00:28]} 39. Rb1 {[%eval 0,0] [%emt 0:00:00]} Rc3+ {[%eval 0,0] [%emt 0:00:32]} 40. Kf4 {[%eval 0,0] [%emt 0:00:00]} a4 {[%eval 0,0] [%emt 0:01:57]} 41. Rb7+ {[%eval 0,0] [%emt 0:00:00]} Kf6 {[%eval 0,0] [%emt 0:01:41]} 42. Rb6+ {[%eval 0,0] [%emt 0:00:00]} Kg7 {[%eval 0,0] [%emt 0:00:17]} 43. Rb7+ {[%eval 0,0] [%emt 0:00:00]} Kf6 {[%eval 0,0] [%emt 0:00:04]} 44. Rb6+ {[%eval 0,0] [%emt 0:00:00]} Kf7 {[%eval 0,0] [%emt 0:01:18]} 45. Rxh6 {[%eval 0,0] [%emt 0:00:00]} a3 {[%eval 0,0] [%emt 0:00:01]} 46. Ra6 {[%eval 0,0] [%emt 0:00:00]} Rxh3 {[%eval 0,0] [%emt 0:00:06]} 47. g5 {[%eval 0,0] [%emt 0:00:00]} Rb3 {[%eval 0,0] [%emt 0:00:13]} 48. Kf5 {[%eval 0,0] [%emt 0:00:00]} Rf3+ {[%eval 0,0] [%emt 0:00:13]} 49. Ke4 {[%eval 0,0] [%emt 0:00:00]} 1/2-1/2

[Event "Calgary int."]
[Site "Calgary CAN"]
[Date "2025.08.04"]
[Round "9.3"]
[White "Doknjas, Neil"]
[Black "Komarov, Dimitri"]
[Result "1/2-1/2"]
[WhiteElo "2225"]
[BlackElo "2406"]
[WhiteFideId "-1"]
[WhiteFideId "-1"]
[PlyCount "112"]
[GameId "2205094732709888"]
[EventDate "2025.07.31"]
[EventType "swiss"]
[EventRounds "9"]
[EventCountry "CAN"]

1. d4 Nf6 2. Nf3 d5 3. e3 Bg4 4. c4 c6 5. Qb3 Qb6 6. c5 Qc7 7. Ne5 Bf5 8. Bd3 Bxd3 9. Nxd3 Nbd7 10. O-O b6 11. cxb6 axb6 12. Nc3 e6 13. f4 c5 14. Ne5 Be7 15. Bd2 O-O 16. a4 Qc8 17. Be1 Nxe5 18. fxe5 Nd7 19. Bg3 Qc6 20. e4 cxd4 21. exd5 Nc5 22. Qc4 Qb7 23. d6 dxc3 24. dxe7 Qxe7 25. bxc3 Ra5 26. Qg4 Qa7 27. c4 Rxa4 28. Rxa4 Qxa4 29. Bh4 Qc2 30. Bf6 Qg6 31. Qxg6 hxg6 32. Be7 Rc8 33. Rd1 Na4 34. Rd8+ Rxd8 35. Bxd8 Kf8 36. Kf1 Ke8 37. Bc7 Kd7 38. Bd6 f5 39. Ba3 g5 40. Ke2 Kc6 41. Kd3 Nc5+ 42. Kd4 g4 43. Bb4 g5 44. Be1 f4 45. h4 gxh4 46. Bxh4 Nd7 47. Ke4 f3 48. gxf3 gxf3 49. Bf2 Kb7 50. Bd4 Ka6 51. Kxf3 Ka5 52. Bc3+ Ka4 53. Ke3 Kb3 54. Kd3 Nf8 55. Bd4 Nd7 56. Bc3 Nf8 1/2-1/2

[Event "Calgary int."]
[Site "Calgary CAN"]
[Date "2025.08.04"]
[Round "9.4"]
[White "Ivanov, Mike"]
[Black "Chandra, Anand Rishi"]
[Result "1-0"]
[WhiteElo "2383"]
[BlackElo "2169"]
[WhiteFideId "-1"]
[WhiteFideId "-1"]
[PlyCount "79"]
[GameId "2207180908216320"]
[EventDate "2025.07.31"]
[EventType "swiss"]
[EventRounds "9"]
[EventCountry "CAN"]

1. Nc3 d5 2. e4 dxe4 3. Nxe4 e5 4. Bc4 Nc6 5. d3 Be7 6. Qh5 g6 7. Qf3 f5 8. Nc3 Nd4 9. Qd1 Bd7 10. Nf3 Nxf3+ 11. Qxf3 Bc6 12. Qe2 Bf6 13. O-O Ne7 14. Be3 Qd7 15. f3 b6 16. a4 Nd5 17. Bg5 Bg7 18. f4 h6 19. Bh4 Nxc3 20. bxc3 Bd5 21. Bxd5 Qxd5 22. fxe5 O-O 23. d4 c5 24. Rad1 cxd4 25. cxd4 Rac8 26. Qb5 Qe4 27. Qb3+ Kh8 28. Bf2 Rxc2 29. Rfe1 Re2 30. Rxe2 Qxe2 31. Re1 Qg4 32. h3 Qg5 33. e6 Re8 34. d5 Qf4 35. Qg3 Qxg3 36. Bxg3 Bd4+ 37. Kh1 Kg7 38. d6 Bf6 39. d7 Rd8 40. Be5 1-0

[Event "Calgary int."]
[Site "Calgary CAN"]
[Date "2025.08.04"]
[Round "9.5"]
[White "Darvekar, Yash"]
[Black "Malek, Omid"]
[Result "1/2-1/2"]
[WhiteElo "1934"]
[BlackElo "2002"]
[WhiteFideId "-1"]
[WhiteFideId "-1"]
[PlyCount "84"]
[GameId "2207180908220416"]
[EventDate "2025.07.31"]
[EventType "swiss"]
[EventRounds "9"]
[EventCountry "CAN"]

1. e4 e6 2. d4 d5 3. exd5 exd5 4. c4 Nf6 5. Nc3 Be7 6. Bd3 Nc6 7. Nge2 Nb4 8. cxd5 Nxd3+ 9. Qxd3 Nxd5 10. O-O O-O 11. Nf4 Nb4 12. Qd1 Bf5 13. a3 Nc6 14. Be3 Qd7 15. h3 Rfd8 16. g4 Bg6 17. Nfd5 f5 18. Re1 Bd6 19. Qf3 Rf8 20. Nf4 Bxf4 21. Qxf4 fxg4 22. Qxg4 Bf5 23. Qg3 Rf6 24. Kh2 Rg6 25. Qf3 Rd8 26. Rg1 Qd6+ 27. Rg3 Bc2 28. Rag1 Nxd4 29. Bxd4 Qxd4 30. Ne2 Qe4 31. Qxe4 Bxe4 32. Nf4 Rxg3 33. Kxg3 Kf7 34. Re1 Bc6 35. Ne6 Rd3+ 36. Kh2 Rd2 37. Kg3 Rxb2 38. Nd8+ Kf6 39. Re6+ Kf5 40. Re7 Be4 41. f3 Bb1 42. Rxc7 Kf6 1/2-1/2

[Event "Calgary int."]
[Site "Calgary CAN"]
[Date "2025.08.04"]
[Round "9.6"]
[White "Bai, Jinghui"]
[Black "Alpuri, Aaqil"]
[Result "1/2-1/2"]
[WhiteElo "2031"]
[BlackElo "1998"]
[WhiteFideId "-1"]
[WhiteFideId "-1"]
[PlyCount "77"]
[GameId "2207180908224512"]
[EventDate "2025.07.31"]
[EventType "swiss"]
[EventRounds "9"]
[EventCountry "CAN"]

1. Nf3 Nf6 2. c4 c5 3. g3 b6 4. Bg2 Bb7 5. O-O e6 6. Nc3 Be7 7. b3 d6 8. Bb2 Nbd7 9. Qc2 O-O 10. Rad1 Rc8 11. Qb1 a6 12. d4 cxd4 13. Nxd4 Bxg2 14. Kxg2 Qc7 15. e4 Qb7 16. Rfe1 Rfe8 17. Qd3 Bf8 18. Nc2 Nc5 19. Qf3 b5 20. cxb5 axb5 21. Nb4 Ncd7 22. Nd3 b4 23. Na4 d5 24. exd5 Qxd5 25. Bxf6 Nxf6 26. Nb6 Qxf3+ 27. Kxf3 Rc2 28. Re2 Rxe2 29. Kxe2 Rb8 30. Na4 Nd5 31. Rc1 Be7 32. Ne5 Bf6 33. Nd7 Rd8 34. Nxf6+ gxf6 35. Rc4 f5 36. f3 Kg7 37. f4 Kf6 38. Kf3 h5 39. h4 1/2-1/2

[Event "Calgary int."]
[Site "Calgary CAN"]
[Date "2025.08.04"]
[Round "9.7"]
[White "Wu, Nathan Ping-Ying"]
[Black "Srinivasan, Hemant"]
[Result "0-1"]
[WhiteElo "1879"]
[BlackElo "2097"]
[WhiteFideId "-1"]
[WhiteFideId "-1"]
[PlyCount "124"]
[GameId "2207180908228608"]
[EventDate "2025.07.31"]
[EventType "swiss"]
[EventRounds "9"]
[EventCountry "CAN"]

1. e4 c6 2. d4 d5 3. Nd2 dxe4 4. Nxe4 Nf6 5. Nxf6+ exf6 6. Be3 Bf5 7. Bd3 Bxd3 8. Qxd3 Na6 9. c3 Nc5 10. Qc2 Ne6 11. Ne2 Qc7 12. O-O g6 13. c4 Bd6 14. g3 O-O 15. Nc3 f5 16. d5 f4 17. Bc1 Nd4 18. Qe4 c5 19. Bxf4 Bxf4 20. Qxf4 Qxf4 21. gxf4 Nf3+ 22. Kg2 Nd2 23. Rfc1 Nxc4 24. Nd1 Nd6 25. Rxc5 Rfe8 26. Ne3 Re4 27. Kf3 Rae8 28. Rac1 Rd4 29. Ng4 Kg7 30. Ne5 g5 31. Nc4 Rxf4+ 32. Kg2 Nf5 33. Ne3 Nxe3+ 34. fxe3 Rxe3 35. Rd1 Re2+ 36. Kg1 Rg4+ 37. Kh1 Rgg2 38. d6 Rxh2+ 39. Kg1 Reg2+ 40. Kf1 Rh1+ 41. Kxg2 Rxd1 42. Rc7 Rxd6 43. Rxb7 Rb6 44. Rxa7 Rxb2+ 45. Kg3 Kg6 46. a4 h5 47. a5 h4+ 48. Kf3 Rb3+ 49. Kg2 Ra3 50. a6 f6 51. Ra8 Kf5 52. a7 Kg4 53. Rf8 Ra2+ 54. Kf1 Rxa7 55. Rxf6 Kg3 56. Ke2 g4 57. Rf5 Ra2+ 58. Ke3 h3 59. Rf4 h2 60. Rd4 h1=Q 61. Rd5 Qf3+ 62. Kd4 Rd2+ 0-1

[Event "Calgary int."]
[Site "Calgary CAN"]
[Date "2025.08.04"]
[Round "9.8"]
[White "Wu, Jonathan"]
[Black "Prianichnikov, Michael"]
[Result "1-0"]
[WhiteElo "2130"]
[BlackElo "1843"]
[WhiteFideId "-1"]
[WhiteFideId "-1"]
[PlyCount "71"]
[GameId "2207180908228608"]
[EventDate "2025.07.31"]
[EventType "swiss"]
[EventRounds "9"]
[EventCountry "CAN"]

1. e4 e6 2. d4 d5 3. Nc3 Bb4 4. e5 c5 5. a3 Bxc3+ 6. bxc3 Ne7 7. Qg4 Kf8 8. a4 b6 9. Nf3 Ba6 10. Bb5 Qc7 11. O-O Bxb5 12. axb5 h6 13. c4 dxc4 14. dxc5 bxc5 15. Qe4 Nd5 16. Nd2 Nd7 17. Nxc4 Rd8 18. Bb2 N7b6 19. Nd6 Nc8 20. c4 Nde7 21. Rfd1 Kg8 22. Rd3 Nf5 23. Nxf5 Rxd3 24. Qxd3 exf5 25. Qxf5 Ne7 26. Qd3 Ng6 27. Qd6 Qc8 28. e6 Qb7 29. Qd7 Qxd7 30. exd7 Kh7 31. Rxa7 Rd8 32. Ba3 Ne5 33. Bxc5 Nxd7 34. Be7 Rc8 35. Rxd7 Rxc4 36. h3 1-0

[Event "Calgary int."]
[Site "Calgary CAN"]
[Date "2025.08.04"]
[Round "9.9"]
[White "Zheng, Yanchen"]
[Black "Iyer, Abhinav"]
[Result "0-1"]
[WhiteElo "1877"]
[BlackElo "1882"]
[WhiteFideId "-1"]
[WhiteFideId "-1"]
[PlyCount "54"]
[GameId "2207184511139840"]
[EventDate "2025.07.31"]
[EventType "swiss"]
[EventRounds "9"]
[EventCountry "CAN"]

1. e4 e5 2. Nf3 Nc6 3. Bc4 Nf6 4. d3 h6 5. O-O d6 6. a4 g6 7. a5 a6 8. Nc3 Bg7 9. Be3 O-O 10. h3 Re8 11. Qd2 Kh7 12. Bxf7 Rf8 13. Bb3 Nh5 14. Qe2 Nd4 15. Bxd4 Nf4 16. Qd1 exd4 17. Nd5 Nxh3+ 18. Kh2 Be5+ 19. Nxe5 dxe5 20. f4 Nxf4 21. Nxf4 exf4 22. Rh1 f3 23. gxf3 Qh4+ 24. Kg2 Qg5+ 25. Kf1 Qg3 26. Qd2 Rf7 27. f4 Rxf4+ 0-1

[Event "Capricorne"]
[Site "Chambly CAN"]
[Date "2025.01.08"]
[Round "1.1"]
[White "Weston, Paul"]
[Black "Kelly, Patrick"]
[Result "1-0"]
[WhiteElo "1865"]
[BlackElo "1549"]
[WhiteFideId "-1"]
[WhiteFideId "-1"]
[PlyCount "97"]
[GameId "2191150456767944"]
[EventDate "2025.01.08"]
[EventType "swiss"]
[EventRounds "4"]
[EventCountry "CAN"]

1. d4 Nf6 2. Nf3 d5 3. g3 c5 4. Bg2 Qb6 5. dxc5 Qxc5 6. O-O Bf5 7. Nc3 e6 8. Nd4 Bg6 9. Bf4 Be7 10. Ndb5 Na6 11. Be3 Qc6 12. Nxa7 Rxa7 13. Bxa7 b6 14. a4 O-O 15. a5 bxa5 16. Qd2 Bb4 17. Bd4 Nc5 18. f3 Na4 19. Rfb1 Rc8 20. Kh1 Ne8 21. Qe3 Nxc3 22. bxc3 Bf8 23. Rxa5 Nd6 24. Rc5 Qa4 25. Rxc8 Nxc8 26. Bc5 Bxc2 27. Rb8 Qc6 28. Bxf8 Kxf8 29. Bf1 Qc7 30. Rb5 Kg8 31. Qc5 Qxc5 32. Rxc5 Ne7 33. Kg1 g6 34. Kf2 Nf5 35. e3 Nd6 36. Rc7 Bb3 37. Bd3 Kf8 38. e4 dxe4 39. fxe4 Ne8 40. Rc8 Ke7 41. e5 Kd7 42. Rb8 Ba4 43. Bb5+ Bxb5 44. Rxb5 Kc7 45. Ra5 Kb7 46. Ke3 Nc7 47. c4 Kb6 48. Ra1 Na6 49. Rf1 1-0

[Event "Capricorne"]
[Site "Chambly CAN"]
[Date "2025.01.08"]
[Round "1.2"]
[White "Bedard, Michel"]
[Black "Cossette, Richard"]
[Result "0-1"]
[WhiteElo "1527"]
[BlackElo "1814"]
[WhiteFideId "-1"]
[WhiteFideId "-1"]
[PlyCount "66"]
[GameId "2191150456767945"]
[EventDate "2025.01.08"]
[EventType "swiss"]
[EventRounds "4"]
[EventCountry "CAN"]

1. d4 d6 2. Nc3 g6 3. Bf4 Bg7 4. e4 Nf6 5. h4 h5 6. Nf3 O-O 7. Qd2 c6 8. Bh6 b5 9. Bxg7 Kxg7 10. Bd3 Nbd7 11. Ne2 e5 12. Ng3 Ng4 13. c3 f6 14. O-O-O Qa5 15. Kb1 Nb6 16. Ne1 Be6 17. d5 cxd5 18. f3 dxe4 19. Nxe4 Bxa2+ 20. Kc1 Bb3 21. Nc2 Qa2 22. fxg4 Na4 23. Nb4 Qa1+ 24. Bb1 d5 25. Nd6 a5 26. Nxd5 Bxd5 27. Nxb5 Be4 28. Na3 Rfd8 29. Qe2 Nxc3 30. Qc4 Rac8 31. Rxd8 Rxc4 32. Nxc4 Qxb1+ 33. Kd2 Qc2+ 0-1

[Event "Capricorne"]
[Site "Chambly CAN"]
[Date "2025.01.08"]
[Round "1.3"]
[White "Cousineau, Francois"]
[Black "Legault, Jean-Philippe"]
[Result "1-0"]
[WhiteElo "1756"]
[BlackElo "1431"]
[WhiteFideId "-1"]
[WhiteFideId "-1"]
[PlyCount "41"]
[GameId "2191150456767946"]
[EventDate "2025.01.08"]
[EventType "swiss"]
[EventRounds "4"]
[EventCountry "CAN"]

1. e4 c6 2. Nc3 d5 3. Nf3 dxe4 4. Nxe4 Nf6 5. Qe2 Nxe4 6. Qxe4 Be6 7. Qe3 g6 8. Qe5 Rg8 9. d4 Bg4 10. Bc4 Qd6 11. Qxd6 exd6 12. Ng5 Rg7 13. d5 f6 14. f3 Re7+ 15. Kf2 Bd7 16. Ne4 Rf7 17. Re1 Re7 18. Nxf6+ Kf7 19. Nxd7 Rxe1 20. dxc6+ Re6 21. cxb7 1-0

[Event "Capricorne"]
[Site "Chambly CAN"]
[Date "2025.01.08"]
[Round "1.4"]
[White "St-Laurent, Luc"]
[Black "Hudon, Paul"]
[Result "0-1"]
[WhiteElo "1410"]
[BlackElo "1698"]
[WhiteFideId "-1"]
[WhiteFideId "-1"]
[PlyCount "42"]
[GameId "2191150456767947"]
[EventDate "2025.01.08"]
[EventType "swiss"]
[EventRounds "4"]
[EventCountry "CAN"]

1. d4 Nf6 2. Nf3 g6 3. g3 Bg7 4. Bg2 d5 5. O-O O-O 6. c4 c6 7. b3 e6 8. Nbd2 c5 9. Bb2 cxd4 10. cxd5 Nxd5 11. Nc4 Nc3 12. Qd3 Nc6 13. Ba3 Re8 14. Nd6 Bf8 15. Nxe8 Bxa3 16. Nc7 Qxc7 17. Nxd4 Nxd4 18. e3 Nf5 19. Kh1 Bd7 20. Rfc1 Bxc1 21. g4 Bb2 0-1

[Event "Capricorne"]
[Site "Chambly CAN"]
[Date "2025.01.08"]
[Round "1.5"]
[White "Kerhuel-Lefebvre, Stephane"]
[Black "Taylor, Paul"]
[Result "1-0"]
[WhiteElo "1698"]
[BlackElo "1363"]
[WhiteFideId "-1"]
[WhiteFideId "-1"]
[PlyCount "69"]
[GameId "2191150456767948"]
[EventDate "2025.01.08"]
[EventType "swiss"]
[EventRounds "4"]
[EventCountry "CAN"]

1. d4 Nf6 2. c4 g6 3. Nc3 Bg7 4. g3 O-O 5. Bg2 c6 6. Nf3 d5 7. cxd5 cxd5 8. O-O a6 9. Ne5 Nc6 10. e3 e6 11. Nxc6 bxc6 12. Na4 Nd7 13. Bd2 a5 14. Rc1 Ba6 15. Re1 Bb5 16. Nc5 Nb6 17. a4 Ba6 18. Nxa6 Rxa6 19. Rxc6 Qd7 20. Qc2 Rc8 21. Rc1 Ra7 22. Rxc8+ Nxc8 23. Qxc8+ Bf8 24. Qxd7 Rxd7 25. Bxa5 Ra7 26. b4 Rb7 27. Bf1 Kg7 28. Ba6 Ra7 29. b5 Bd6 30. Bb6 Rd7 31. Bc5 Rc7 32. b6 Rc6 33. Bb5 Rc8 34. b7 Rxc5 35. Rxc5 1-0

[Event "Capricorne"]
[Site "Chambly CAN"]
[Date "2025.01.08"]
[Round "1.6"]
[White "Lemieux, Serge"]
[Black "Tse, Chun Wing"]
[Result "0-1"]
[WhiteElo "1353"]
[BlackElo "1648"]
[WhiteFideId "-1"]
[WhiteFideId "-1"]
[PlyCount "56"]
[GameId "2191150456767949"]
[EventDate "2025.01.08"]
[EventType "swiss"]
[EventRounds "4"]
[EventCountry "CAN"]

1. d4 Nf6 2. Nf3 g6 3. Bf4 Bg7 4. e3 O-O 5. Bd3 d6 6. O-O Nbd7 7. h3 Re8 8. e4 b6 9. c3 Bb7 10. Nbd2 e5 11. Bg5 h6 12. Bh4 exd4 13. cxd4 g5 14. Bg3 Nxe4 15. Nxe4 Bxe4 16. Bxe4 Rxe4 17. Qc2 Nf6 18. Rfe1 Rxe1+ 19. Rxe1 c5 20. dxc5 dxc5 21. Rd1 Qe7 22. Re1 Qb7 23. Be5 Re8 24. Qf5 Qd7 25. Qc2 Nd5 26. a3 Bxe5 27. Nxe5 Qd6 28. g3 Rxe5 0-1

[Event "Capricorne"]
[Site "Chambly CAN"]
[Date "2025.01.08"]
[Round "1.7"]
[White "Cournoyer, Raphael"]
[Black "Poirier, Dany"]
[Result "1-0"]
[WhiteElo "1609"]
[BlackElo "1346"]
[WhiteFideId "-1"]
[WhiteFideId "-1"]
[PlyCount "73"]
[GameId "2191150456767950"]
[EventDate "2025.01.08"]
[EventType "swiss"]
[EventRounds "4"]
[EventCountry "CAN"]

1. d4 Nf6 2. Nf3 d5 3. c4 e6 4. g3 Bb4+ 5. Bd2 Bxd2+ 6. Nbxd2 c6 7. Bg2 O-O 8. O-O h6 9. Qc2 Nbd7 10. Rad1 Qe7 11. Rfe1 Nh7 12. e4 dxe4 13. Nxe4 f5 14. Nc3 Qf7 15. d5 Re8 16. Nd4 Ndf6 17. dxc6 Ng5 18. Ndb5 Qe7 19. Nd6 Rd8 20. cxb7 Bxb7 21. Nxb7 Rxd1 22. Rxd1 Rb8 23. Nd6 Nf7 24. Nxf7 Kxf7 25. a3 g5 26. b4 Nd7 27. c5 Ne5 28. Qe2 Qf6 29. Rd6 Kg6 30. Nd5 exd5 31. Rxf6+ Kxf6 32. Bxd5 g4 33. Qa6+ Kg5 34. Qe6 Nf3+ 35. Bxf3 gxf3 36. Qe7+ Kh5 37. Qf6 1-0

[Event "Capricorne"]
[Site "Chambly CAN"]
[Date "2025.01.15"]
[Round "2.1"]
[White "Hudon, Paul"]
[Black "Weston, Paul"]
[Result "0-1"]
[WhiteElo "1698"]
[BlackElo "1865"]
[WhiteFideId "-1"]
[WhiteFideId "-1"]
[PlyCount "64"]
[GameId "2191150456833494"]
[EventDate "2025.01.08"]
[EventType "swiss"]
[EventRounds "4"]
[EventCountry "CAN"]

1. Nf3 c5 2. c4 Nf6 3. Nc3 d5 4. cxd5 Nxd5 5. g3 g6 6. Bg2 Bg7 7. Qb3 Nb6 8. a4 O-O 9. d3 Nc6 10. a5 Nd7 11. O-O Nxa5 12. Qd5 Nc6 13. Ne4 e6 14. Qc4 Qb6 15. Bd2 h6 16. Rfc1 Rb8 17. Nxc5 Nxc5 18. Qxc5 Qxc5 19. Rxc5 Bd7 20. Bc3 Rfc8 21. Bxg7 Kxg7 22. e3 a6 23. Kf1 Nb4 24. d4 Bb5+ 25. Kg1 Rxc5 26. dxc5 Nd3 27. Nd4 Bd7 28. c6 Bxc6 29. Nxc6 bxc6 30. Bxc6 Rb6 31. Bf3 Rxb2 32. Rxa6 Rb1+ 0-1

[Event "Capricorne"]
[Site "Chambly CAN"]
[Date "2025.01.15"]
[Round "2.2"]
[White "Cossette, Richard"]
[Black "Kerhuel-Lefebvre, Stephane"]
[Result "1-0"]
[WhiteElo "1814"]
[BlackElo "1698"]
[WhiteFideId "-1"]
[WhiteFideId "-1"]
[PlyCount "63"]
[GameId "2191150456833495"]
[EventDate "2025.01.08"]
[EventType "swiss"]
[EventRounds "4"]
[EventCountry "CAN"]

1. e4 c6 2. d4 d5 3. exd5 cxd5 4. c4 Nf6 5. Nc3 e6 6. Bd3 Be7 7. Nf3 dxc4 8. Bxc4 O-O 9. O-O Qc7 10. Bb3 Rd8 11. Be3 a6 12. Rc1 Qd6 13. Qd3 Nc6 14. a3 e5 15. d5 Bd7 16. Bb6 Nb4 17. axb4 Qxb6 18. Nxe5 Qxb4 19. d6 Bxd6 20. Bxf7+ Kf8 21. Nd5 Nxd5 22. Nxd7+ Rxd7 23. Bxd5 Bxh2+ 24. Kh1 Qh4 25. Qf5+ Ke8 26. Rfe1+ Be5+ 27. Kg1 Qh2+ 28. Kf1 Rxd5 29. Qe6+ Kf8 30. Qxd5 Qh1+ 31. Ke2 Re8 32. Rxh1 1-0

[Event "Capricorne"]
[Site "Chambly CAN"]
[Date "2025.01.15"]
[Round "2.3"]
[White "Tse, Chun Wing"]
[Black "Cousineau, Francois"]
[Result "0-1"]
[WhiteElo "1648"]
[BlackElo "1756"]
[WhiteFideId "-1"]
[WhiteFideId "-1"]
[PlyCount "88"]
[GameId "2191150456837592"]
[EventDate "2025.01.08"]
[EventType "swiss"]
[EventRounds "4"]
[EventCountry "CAN"]

1. d4 c5 2. d5 Nf6 3. c4 b5 4. Qc2 b4 5. e4 d6 6. a3 a5 7. axb4 cxb4 8. c5 dxc5 9. Bb5+ Bd7 10. Bc4 e6 11. dxe6 Bxe6 12. Bxe6 fxe6 13. Be3 Nbd7 14. f3 Bd6 15. Ne2 O-O 16. O-O Qc7 17. g3 c4 18. Nd4 Bc5 19. Qxc4 Qb6 20. Re1 Ne5 21. Qxe6+ Qxe6 22. Nxe6 Nxf3+ 23. Kf1 Nxe1 24. Bxc5 Rfe8 25. Nc7 Nc2 26. Ra2 Nxe4 27. Nxe8 b3 28. Ra4 Nxc5 29. Nc7 Nxa4 30. Nxa8 Nxb2 31. Ke2 a4 32. Kd2 Nc4+ 33. Kc3 N4a3 34. Nxa3 Nxa3 35. Nb6 Nb5+ 36. Kb2 a3+ 37. Kxb3 Kf7 38. Nc4 Ke6 39. g4 Kd5 40. Nxa3 Nxa3 41. Kxa3 g5 42. Kb4 Ke4 43. Kc4 Kf3 44. h4 gxh4 0-1

[Event "Capricorne"]
[Site "Chambly CAN"]
[Date "2025.01.15"]
[Round "2.4"]
[White "Milette, Patrick"]
[Black "Cournoyer, Raphael"]
[Result "1/2-1/2"]
[WhiteElo "1661"]
[BlackElo "1609"]
[WhiteFideId "-1"]
[WhiteFideId "-1"]
[PlyCount "81"]
[GameId "2191150456837593"]
[EventDate "2025.01.08"]
[EventType "swiss"]
[EventRounds "4"]
[EventCountry "CAN"]

1. Nf3 d5 2. c4 e6 3. g3 c5 4. Bg2 Nf6 5. O-O Be7 6. cxd5 exd5 7. d4 O-O 8. Nc3 Nc6 9. dxc5 Bxc5 10. Bg5 d4 11. Bxf6 Qxf6 12. Ne4 Qe7 13. Nxc5 Qxc5 14. Rc1 Qb6 15. b3 Bf5 16. Nd2 Ne5 17. Nc4 Nxc4 18. Rxc4 Rad8 19. Qd2 Rd6 20. Rd1 Rfd8 21. Rb4 Qc5 22. Rxb7 a6 23. Rc1 Qe5 24. Rbc7 Qe6 25. R7c6 Bh3 26. Rxd6 Rxd6 27. Bxh3 Qxh3 28. Qf4 Rd8 29. g4 h5 30. f3 d3 31. exd3 hxg4 32. Qxg4 Qh6 33. Re1 Qd2 34. Qh4 Qxd3 35. Qe4 Qd2 36. Qe2 Qg5+ 37. Qg2 Qxg2+ 38. Kxg2 Rd2+ 39. Kg3 Rxa2 40. Re8+ Kh7 41. Re7 1/2-1/2

[Event "Capricorne"]
[Site "Chambly CAN"]
[Date "2025.01.15"]
[Round "2.5"]
[White "Dubreuil, Raymond"]
[Black "Longpre, Martin"]
[Result "1/2-1/2"]
[WhiteElo "1497"]
[BlackElo "1557"]
[WhiteFideId "-1"]
[WhiteFideId "-1"]
[PlyCount "65"]
[GameId "2191150456841690"]
[EventDate "2025.01.08"]
[EventType "swiss"]
[EventRounds "4"]
[EventCountry "CAN"]

1. Nf3 d5 2. c4 c6 3. b3 Bf5 4. Bb2 e6 5. g3 Nf6 6. d3 Bb4+ 7. Nbd2 Nbd7 8. Bg2 Qc7 9. O-O h5 10. a3 Bd6 11. Nh4 Bh7 12. Ndf3 dxc4 13. bxc4 Rg8 14. Ng5 Be7 15. Qd2 Bg6 16. Nxg6 fxg6 17. Nxe6 Qd6 18. Ng5 Nc5 19. Qf4 Qxf4 20. gxf4 h4 21. h3 Nh5 22. Be5 Rf8 23. Ne4 Nxf4 24. Bxf4 Rxf4 25. Nxc5 Bxc5 26. e3 Rf6 27. d4 Be7 28. c5 b6 29. d5 cxd5 30. cxb6 axb6 31. a4 Ra5 32. Rfd1 Rd6 33. Bf1 1/2-1/2

[Event "Capricorne"]
[Site "Chambly CAN"]
[Date "2025.01.15"]
[Round "2.6"]
[White "Kelly, Patrick"]
[Black "Poirier-Champagne, Samuel"]
[Result "1/2-1/2"]
[WhiteElo "1549"]
[BlackElo "1463"]
[WhiteFideId "-1"]
[WhiteFideId "-1"]
[PlyCount "46"]
[GameId "2191150456841691"]
[EventDate "2025.01.08"]
[EventType "swiss"]
[EventRounds "4"]
[EventCountry "CAN"]

1. e4 c5 2. Nc3 e6 3. Nf3 a6 4. d4 cxd4 5. Nxd4 Qc7 6. Bd3 Nf6 7. O-O Nc6 8. Nxc6 dxc6 9. f4 h5 10. e5 Ng4 11. Ne4 Qb6+ 12. Kh1 Bd7 13. h3 O-O-O 14. Qe1 f5 15. Ng5 Bc5 16. Nf7 Nf2+ 17. Kh2 Rhg8 18. Nxd8 Kxd8 19. Bd2 Kc8 20. b4 Bd4 21. Bc3 Be3 22. Bd2 Bd4 23. Bc3 Be3 1/2-1/2